000 00776nam a22002537a 4500
005 20240419135757.0
008 231011b |||||||| |||| 00| 0 eng d
020 _a9788185618067
_cRs.599.00
040 _aLoreto College
041 _aEnglish
082 _a301.01
_bGID
100 _aGiddens,Anthony
245 _aCapitalism and modern social theory
_bAn analysis of the writings of Marx,Durkheim and Max Weber
_cAnthony Giddens
260 _aNew Delhi
_bCambridge University Press India
_c2009
300 _axvii,261p
_b22cm
504 _aIncludes bibliographical references and index
600 _aMarx,Karl
600 _aDurkheim,Emile
600 _aWeber,Max
650 _aSociology
650 _aSociology-Theory
850 _aLCLIB
_bPCCHANDRA
942 _cBK
999 _c43546
_d94025